[Event "FRA-ch U08"]
[Site "Le Grand Bornand"]
[Date "2007.04.??"]
[Round "9"]
[White "Zychowski, Adrien"]
[Black "Noel, Jean Baptiste"]
[Result "0-1"]
[WhiteElo "1130"]
[BlackElo "1290"]
[PlyCount "48"]
[EventDate "2007.04.07"]
[EventType "swiss"]
[EventRounds "9"]
[EventCountry "FRA"]
[SourceTitle "CBM 118 Extra"]
[Source "ChessBase"]
[SourceDate "2007.07.04"]
[SourceVersion "1"]
[SourceVersionDate "2007.07.04"]
[SourceQuality "1"]

1. e4 e5 2. Nf3 Nc6 3. Bb5 a6 4. Bxc6 dxc6 5. Nc3 Be7 6. Nxe5 Bg5 7. 0-0 Nf6 8. f4 Bh6 9. d4 0-0 10. Rf3 Nd7 11. Rg3 Nxe5 12. fxe5 Bxc1 13. Rxc1 f5 14. exf6 Qxf6 15. Rf3 Qe7 16. Qe1 Bg4 17. Rxf8+ Rxf8 18. Qg3 Be6 19. d5 cxd5 20. exd5 Bf7 21. Re1 Qf6 22. Qxc7 Bxd5 23. Nxd5 Qf2+ 24. Kh1 Qxe1# 0-1